<?xml version="1.0" encoding="UTF-8"?>
<collection xmlns="http://www.loc.gov/MARC21/slim">
 <record>
  <leader>01509aam a22002538a 4500</leader>
  <controlfield tag="001">NCT_26165</controlfield>
  <controlfield tag="008">090916s2009                  ||||||viesd</controlfield>
  <datafield tag="999" ind1=" " ind2=" ">
   <subfield code="c">1253</subfield>
   <subfield code="d">1253</subfield>
  </datafield>
  <datafield tag="020" ind1=" " ind2=" ">
   <subfield code="c">115000</subfield>
  </datafield>
  <datafield tag="082" ind1="0" ind2="4">
   <subfield code="2">23rd ed.</subfield>
   <subfield code="a">720.47</subfield>
   <subfield code="b">Đ116</subfield>
  </datafield>
  <datafield tag="100" ind1="1" ind2=" ">
   <subfield code="a">Phạm Ngọc Đăng</subfield>
  </datafield>
  <datafield tag="245" ind1="1" ind2="0">
   <subfield code="a">Nhiệt và khí hậu kiến trúc</subfield>
   <subfield code="c">Phạm Ngọc Đăng, Phạm Hải Hà</subfield>
  </datafield>
  <datafield tag="250" ind1=" " ind2=" ">
   <subfield code="a">Tái bản</subfield>
  </datafield>
  <datafield tag="260" ind1=" " ind2=" ">
   <subfield code="a">H.</subfield>
   <subfield code="b">Xây dựng</subfield>
   <subfield code="c">2014</subfield>
  </datafield>
  <datafield tag="300" ind1=" " ind2=" ">
   <subfield code="a">328 tr.</subfield>
   <subfield code="b">hình vẽ, bảng</subfield>
   <subfield code="c">24cm</subfield>
  </datafield>
  <datafield tag="520" ind1="3" ind2=" ">
   <subfield code="a">Tài liệu trình bày về khí hậu bên ngoài nhà và đặc điểm khí hậu các vùng của Việt Nam, ví khí hậu và con người, truyền nhiệt ổn định và thiết kế cách nhiệt chống rét trong mùa lạnh ...</subfield>
  </datafield>
  <datafield tag="653" ind1=" " ind2=" ">
   <subfield code="a">Kiến trúc</subfield>
  </datafield>
  <datafield tag="700" ind1="1" ind2=" ">
   <subfield code="a">Phạm Hải Hà</subfield>
  </datafield>
  <datafield tag="942" ind1=" " ind2=" ">
   <subfield code="2">ddc</subfield>
   <subfield code="c">BK</subfield>
  </datafield>
  <datafield tag="952" ind1=" " ind2=" ">
   <subfield code="0">0</subfield>
   <subfield code="1">0</subfield>
   <subfield code="2">ddc</subfield>
   <subfield code="4">0</subfield>
   <subfield code="6">720_470000000000000_Đ116</subfield>
   <subfield code="7">0</subfield>
   <subfield code="9">9433</subfield>
   <subfield code="a">000001</subfield>
   <subfield code="b">000001</subfield>
   <subfield code="d">2018-06-02</subfield>
   <subfield code="o">720.47 Đ116</subfield>
   <subfield code="p">MD.08771</subfield>
   <subfield code="r">2018-06-02</subfield>
   <subfield code="w">2018-06-02</subfield>
   <subfield code="y">BK</subfield>
  </datafield>
  <datafield tag="952" ind1=" " ind2=" ">
   <subfield code="0">0</subfield>
   <subfield code="1">0</subfield>
   <subfield code="2">ddc</subfield>
   <subfield code="4">0</subfield>
   <subfield code="6">720_470000000000000_Đ116</subfield>
   <subfield code="7">0</subfield>
   <subfield code="9">9434</subfield>
   <subfield code="a">000001</subfield>
   <subfield code="b">000001</subfield>
   <subfield code="d">2018-06-02</subfield>
   <subfield code="o">720.47 Đ116</subfield>
   <subfield code="p">MD.08772</subfield>
   <subfield code="r">2018-06-02</subfield>
   <subfield code="w">2018-06-02</subfield>
   <subfield code="y">BK</subfield>
  </datafield>
  <datafield tag="952" ind1=" " ind2=" ">
   <subfield code="0">0</subfield>
   <subfield code="1">0</subfield>
   <subfield code="2">ddc</subfield>
   <subfield code="4">0</subfield>
   <subfield code="6">720_470000000000000_Đ116</subfield>
   <subfield code="7">0</subfield>
   <subfield code="9">9435</subfield>
   <subfield code="a">000001</subfield>
   <subfield code="b">000001</subfield>
   <subfield code="d">2018-06-02</subfield>
   <subfield code="o">720.47 Đ116</subfield>
   <subfield code="p">MD.08773</subfield>
   <subfield code="r">2018-06-02</subfield>
   <subfield code="w">2018-06-02</subfield>
   <subfield code="y">BK</subfield>
  </datafield>
  <datafield tag="952" ind1=" " ind2=" ">
   <subfield code="0">0</subfield>
   <subfield code="1">0</subfield>
   <subfield code="2">ddc</subfield>
   <subfield code="4">0</subfield>
   <subfield code="6">720_470000000000000_Đ116</subfield>
   <subfield code="7">0</subfield>
   <subfield code="9">9436</subfield>
   <subfield code="a">000001</subfield>
   <subfield code="b">000001</subfield>
   <subfield code="d">2018-06-02</subfield>
   <subfield code="o">720.47 Đ116</subfield>
   <subfield code="p">MD.08774</subfield>
   <subfield code="r">2018-06-02</subfield>
   <subfield code="w">2018-06-02</subfield>
   <subfield code="y">BK</subfield>
  </datafield>
  <datafield tag="980" ind1=" " ind2=" ">
   <subfield code="a">Thư viện Trường Đại học Nam Cần Thơ</subfield>
  </datafield>
 </record>
</collection>
